Námety na sprostredkovanie a osvojovanie krajinovedných poznatkov v rámci výučby nemeckého jazyka s ohľadom na interkultúrny aspekt
Gespeichert in:
| 1. Verfasser: | |
|---|---|
| Format: | Buchkapitel |
| Sprache: | Slowakisch |
| Tags: |
Keine Tags, Fügen Sie das erste Tag hinzu!
|
MARC
| LEADER | 00000naa$a2200000$$$4500 | ||
|---|---|---|---|
| 001 | 0216122 | ||
| 005 | 20240502073613.3 | ||
| 041 | 0 | |a slo | |
| 044 | |a SK | ||
| 245 | 1 | 0 | |a Námety na sprostredkovanie a osvojovanie krajinovedných poznatkov v rámci výučby nemeckého jazyka s ohľadom na interkultúrny aspekt |c Jana Kucharová |
| 100 | 1 | |a Kucharová, Jana, 1981- | |